Quizzes
Events
Quiz Creation
Community
Videos
Private Events
Remove Ads
Sign In
Join for FREE
Feedback
Dark Mode
Quiz Categories
Sports
Geography
Music
Movies
Television
Just For Fun
Miscellaneous
History
Literature
Language
Science
Gaming
Entertainment
Religion
Holiday
For Kids
Quiz Lab
Recent
Popular Today
Quiz Kudos Today
Editor Picks
Curator Picks
Quizzes by...
Day
Popularity
Type
Ratings
Length
Year
Community
Subscriptions
Recent Discussions
Orange Saloon
Badges
Playlists
Quests
Create
Leaderboards
Showdown
Live 5
Trivia Bingo
Activity
Puzzle Library
Sporcle Events
Private Events
Virtual Trivia
Globe League
Become a Host
Pub Owners
SporcleCon
Opinionation
Our Games
Videos
Blog
Mobile Apps
Partnerships
Remove Ads and Go Orange
Feedback
Language
Vocabulary
Begins and Ends
Definition
Spanish
French
German
Italian
Chinese
Latin
Translation
Japanese
Language
Vocabulary
Begins and Ends
Definition
Spanish
French
German
Italian
Chinese
Latin
Translation
Japanese
Random Quiz
Search Sporcle
×
Quiz Lab
Quiz Lab
Language
French
Type in answers that appear in a list
Type in answers that appear in a list
Classic
Best Score? Go Orange.
Yr9 G: le présent-irr. - BILAN conjugaisons Stats
BILAN: Savez-vous conjuguer ces verbes irréguliers au présent?
By
mariagauthier
2m
32 Questions
91 Plays
91 Plays
91 Plays
Comments
Comments
Give Quiz Kudos
Give Quiz Kudos
-
- Ratings
hide this ad
Forced Order
Answers have to be entered in order
Answers have to be entered in order
Random Order
Randomize order of answers
Randomize order of answers
Replay
Link that replays current quiz
Next Quiz
Link to next quiz in quiz playlist
You Got
0%
They Got
Avg Score
60%
Avg Friend Score
Upgrade to see
Score Distribution
Jump to the score distribution portion of the page
Score
0/32
Timer
02:00
0
Plays Today
Indice
le présent
% Correct
prendre -
ON
prend
72.5%
avoir -
NOUS
avons
67%
prendre -
TU
prends
67%
mettre -
ELLES
mettent
67%
mettre -
NOUS
mettons
64.8%
faire -
NOUS
faisons
64.8%
mettre -
IL
met
64.8%
venir -
ON
vient
63.9%
être -
NOUS
sommes
63.7%
être -
JE
suis
62.6%
faire -
TU
fais
62.6%
aller -
IL
va
62.6%
aller -
JE
vais
62.6%
être -
VOUS
êtes
61.5%
être -
ILS
sont
61.5%
avoir -
J'
ai
61.5%
Indice
le présent
% Correct
faire -
VOUS
faites
61.5%
venir -
VOUS
venez
61.4%
être -
ELLE
est
60.4%
avoir -
ILS
ont
60.4%
mettre -
JE
mets
60.4%
avoir -
TU
as
59.3%
venir -
JE
viens
59%
venir -
NOUS
venons
59%
prendre -
VOUS
prenez
58.2%
prendre -
ELLES
prennent
57.1%
avoir -
ELLE
a
56%
aller -
TU
vas
56%
venir -
ILS
viennent
55.4%
faire -
ILS
font
54.9%
venir -
TU
viens
54.2%
aller -
ELLES
vont
53.8%
Quiz Playlist
Details
Report
Send in Message
Add To Playlist
Classic:
Type in answers that appear in a list
Forced Order:
Answers have to be entered in order
Random Order:
Randomize order of answers
Last Updated: Feb 2, 2022
Quiz Scoreboard
CHALLENGE
Sign Up to Join the Scoreboard
Show All
Scores
Hide
Comments
May contain spoilers
Recently Published
9x9 Crossword: Cartoon Network
by jackfrog10
Miscellaneous
3m
College Basketball Coaching Resumes
by pancakes188
Sports
9m
Billboard Blitz: Fleetwood Mac
by CooCooCachoo
Music
15s
More to Explore
Quiz From the Vault
Featured Blog Post
Where Did the Easter Bunny Come From?
hide this ad
You Might Also Like...
Tags
French Quiz
Aller
Avoir
Être
Irregular Verbs
present
Verb Aller
Today's Top Quizzes in Language
Browse Language
hide this ad
Today's Top Quizzes in French
Browse French
Top Contributed Quizzes in Language
1
1-10 Letter F Words III
2
1-10 Letter G Words III
3
Alphabetize! : 'As' words
4
1-10 Letter H Words III
5
Celtic Nations in their Language
6
1-10 Letter I Words III
7
One Thing in Common: Italy
8
Order Up: Top 10 Most Native Spoken Languages
9
1-10 Letter J Words III
10
Weisst du, aus welchen Sprachen diese Wörter stammen?
Explore More
Trending Topics
Harry Potter
Marvel
Disney
Crossword
NBA
Anime
Kpop
Soccer
Country
Puzzle
Pokémon
NFL
The Office
WWE
Song
hide this ad
More By:
mariagauthier
Quiz
Plays
Rating
Category
Featured
Created
Yr10 G: les pronoms relatifs (simples et complexes)
7,008
4.50
Language
Apr 15, 2016
Yr10 G: les pronoms objets (le la les, lui leur, y, en)
3,472
1.00
Language
Sep 27, 2017
Yr10 G: le subjonctif - verbes irréguliers
2,441
5.00
Language
Sep 26, 2017
Yr9 G: le passé composé - ETRE Dr. Mrs.V
2,287
3.00
Language
Sep 26, 2017
Yr9 G: le futur simple - 1. verbes réguliers
2,109
Language
Jan 20, 2019
Go to Creator's Profile
Score Distribution
Quiz Creator Spotlight
mariagauthier
Follow
Send a Message
Quizzes Created
-
Created Quiz Play Count
-
More By This Creator
Popular Quizzes Today
1
Find the US States - No Outlines Minefield
2
Find the Countries of Europe - No Outlines Minefield
3
The Countries of the World
4
Find the US States
5
Risky Map Clicking: Biggest States A-Z
6
US States
7
Popular People in 1961
8
Movies - When Are They Set?
More Language Quizzes
Not Dirty Words II
Editor's Pick
Trending Quizzes
Risky Map Clicking: Least Populous States A-Z
1-10 Letter G Words
1-10 Letter F Words
Risky Map Clicking: Next State Alphabetically
Adjectives in 80s TV Shows
Recently Updated
Leaping Animals
pecheneg
Reality TV Shows (A-Z)
bhenderson79
Rickey Henderson's Hall of Fame Teammates
pecheneg
Champions League XIs: Arsenal
pecheneg
Quick Pick: Celebrities in WWE's Hall of Fame
aduchscher
A-Z Keypad Blitz II
pecheneg
Multiple Oscar Actors
pecheneg
Mystery Phrase Blitz: Oscar 'Best Actors'
pecheneg
F. Scott Fitzgerald Novels
LTH
Pick 3 Villains
ddd62291
Trending Topics
NBA
Kpop
Crossword
Marvel
Harry Potter
Disney
Anime
WWE
Country
NFL
The Office
Pokémon
Soccer
Puzzle
Song
Your Account Isn't Verified!
In order to create a playlist on Sporcle, you need to verify the email address you used during registration. Go to your
Sporcle Settings
to finish the process.
Report this User
Report this user for behavior that violates our
Community Guidelines
.
Details:
Send Report
Go to the Sporcle.com Mobile Site →
Comments